Online
Catalog

Enriquillo : (Record no. 48960)

MARC details
000 -CABECERA
campo de control de longitud fija 01309nam a2200349 i 4500
001 - NÚMERO DE CONTROL
campo de control 000035612
003 - IDENTIFICADOR DEL NÚMERO DE CONTROL
campo de control DO-SdBNP
005 - FECHA Y HORA DE LA ÚLTIMA TRANSACCIÓN
campo de control 20241126081053.0
007 - CAMPO FIJO DE DESCRIPCIÓN FÍSICA--INFORMACIÓN GENERAL
campo de control de longitud fija ta
008 - DATOS DE LONGITUD FIJA--INFORMACIÓN GENERAL
campo de control de longitud fija 091106s1990 dr a 000 f spa d
040 ## - FUENTE DE LA CATALOGACIÓN
Centro catalogador/agencia de origen DO-SdBNP
Lengua de catalogación spa
Centro/agencia transcriptor BNPHU
Normas de descripción rda
082 ## - NÚMERO DE LA CLASIFICACIÓN DECIMAL DEWEY
Número de clasificación RD863.3
Número de documento/Ítem G182e,1990
Número de edición 22
100 1# - ENTRADA PRINCIPAL--NOMBRE DE PERSONA
Nombre de persona Galván, Manuel de J.
Término indicativo de función/relación autor
Fechas asociadas al nombre 1834-1910
Forma completa/desarrollada del nombre (Manuel de Jesús)
9 (RLIN) 28507
240 10 - TÍTULO UNIFORME
Título uniforme Enriquillo :
Lenguaje de la obra Español
245 10 - MENCIÓN DE TÍTULO
Título Enriquillo :
Resto del título leyenda histórica dominicana 1503-1533 /
Mención de responsabilidad, etc. Manuel de Jesús Galván ; prólogo y notas de Jacinto Gimbernard Pellerano
264 ## - PRODUCCIÓN, PUBLICACIÓN, DISTRIBUCIÓN, FABRICACIÓN Y COPYRIGHT
Producción, publicación, distribución, fabricación y copyright Santo Domingo :
Nombre del de productor, editor, distribuidor, fabricante Fundación Corripio :
Fecha de producción, publicación, distribución, fabricación o copyright 1990.
300 ## - DESCRIPCIÓN FÍSICA
Extensión 584 páginas ;
Dimensiones 23 cm.
336 ## - TIPO DE CONTENIDO
Término de tipo de contenido rdacontent
Código de tipo de contenido texto
Fuente txt
337 ## - TIPO DE MEDIO
Nombre/término del tipo de medio rdamedia
Código del tipo de medio sin mediación
Fuente n
338 ## - TIPO DE SOPORTE
Nombre/término del tipo de soporte rdacarrier
Código del tipo de soporte volumen
Fuente nc
490 1# - MENCIÓN DE SERIE
Mención de serie Biblioteca de clásicos dominicanos ;
Designación de volumen o secuencia 8 ;
500 ## - NOTA GENERAL
Nota general Incluye notas al pie de las páginas
590 ## - NOTA LOCAL (RLIN)
Nota local Inventariado, 2020/ YL
600 #0 - PUNTO DE ACCESO ADICIONAL DE MATERIA--NOMBRE DE PERSONA
Nombre de persona ENRIQUILLO
Títulos y otros términos asociados al nombre CACIQUE
Fechas asociadas al nombre ¿-1535
9 (RLIN) 14941
650 #0 - PUNTO DE ACCESO ADICIONAL DE MATERIA--TÉRMINO DE MATERIA
Término de materia o nombre geográfico como elemento de entrada Novela histórica dominicana.
9 (RLIN) 860
650 #0 - PUNTO DE ACCESO ADICIONAL DE MATERIA--TÉRMINO DE MATERIA
Término de materia o nombre geográfico como elemento de entrada Literatura dominicana.
9 (RLIN) 67
651 #4 - PUNTO DE ACCESO ADICIONAL DE MATERIA--NOMBRE GEOGRÁFICO
Nombre geográfico República Dominicana
Subdivisión general Historia
Subdivisión cronológica 1503-1538
9 (RLIN) 14942
700 1# - PUNTO DE ACCESO ADICIONAL--NOMBRE DE PERSONA
Nombre de persona Gimbernard Pellerano, Jacinto
Término indicativo de función/relación prólogo
9 (RLIN) 61513
830 #0 - PUNTO DE ACCESO ADICIONAL DE SERIE-TÍTULO UNIFORME
Título uniforme Biblioteca de clásicos dominicanos
Lenguaje de la obra 8
9 (RLIN) 77026
910 ## - DATOS DE OPCIÓN DEL USUARIO (OCLC)
Datos de opción del usuario DG
942 ## - ELEMENTOS DE PUNTO DE ACCESO ADICIONAL (KOHA)
Fuente del sistema de clasificación o colocación Dewey Decimal Classification
Tipo de ítem Koha Libro
Holdings
Estado de retiro Estado de pérdida Fuente del sistema de clasificación o colocación Restricciones de uso No para préstamo Código de colección Localización permanente Ubicación/localización actual Ubicación en estantería Fecha de adquisición Fuente de adquisición Total de préstamos Signatura topográfica completa Código de barras Fecha visto por última vez Precio válido a partir de Tipo de ítem Koha Número de copia Nota pública
    Dewey Decimal Classification Excluido de préstamo Excluido de préstamo Patrimonio Dominicano Biblioteca Nacional Pedro Henríquez Ureña Biblioteca Nacional Pedro Henríquez Ureña En catalogación 26.10.2014 Flia. Reyes Duluc   RD863.3 G182e,1990 2020-0228 26.10.2020 26.10.2020 Libro y Folleto Colección Patrimonio Dominicano    
    Dewey Decimal Classification Excluido de préstamo   Patrimonio Dominicano Biblioteca Nacional Pedro Henríquez Ureña Biblioteca Nacional Pedro Henríquez Ureña En catalogación 26.11.2024 Donado por la Presidencia de la República Dominicana 2023   BNPHU PD RD863.3 G182e,1990 2024-6691 26.11.2024 26.11.2024 Libro e.2 Pertenecio a la biblioteca personal de Emilio Cordero Michel

Powered by Koha